000 00326nam a2200133Ia 4500
008 240624s9999 xx 000 0 und d
041 _aeng
082 _a336.278 KUM
100 _aKUMAR KISHORE
245 _aSERVICE TAX SIMPLIFIED
260 _c2012
_aNew Delhi
_bTaxmann
300 _a1170 : p. : cm. ; 24
365 _cRS
_b29
999 _c20878
_d20878